00645nam a2200193Ia 4500003000900000008004100009020001800050040001600068080001900084100001800103245017300121260004800294300001500342650001500357650001900372650001900391650002600410650001500436IN-BaIIA211028s9999 xx 000 0 eng d a0-521-25461-2 cIIA Library a551.510.5bBUD aBudden, K. G. 4aThe propagation of radio wavesbthe theory of radio waves of low power in the ionosphere and magnetospherecK. G. Budden  aCambridgebCambridge University Pressc1985 axvi, 669p. aIonosphere aMagnetospheres aNASA Thesaurus aRadiowave propagation aRadiowaves